| 000 | 00857nam a22002177a 4500 | ||
|---|---|---|---|
| 999 |
_c7843 _d7843 |
||
| 001 | 21330 | ||
| 003 | BD-DhUAP | ||
| 005 | 20211122112021.0 | ||
| 008 | 211115b20202020bg a|||| b||| 001 0 ben d | ||
| 020 | _a9789848179253 | ||
| 040 |
_aBD-DhUAP _bBD-DhUAP _cben _dBD-DhUAP _eBD-DhUAP |
||
| 082 |
_223 _a954.9205092 KHA |
||
| 100 | _aখান, মোঃ আরিফ উদ্দিন । | ||
| 245 |
_aবঙ্গবন্ধর কর্মদর্শন / _bমোঃ আরিফ উদ্দিন খান । |
||
| 250 | _aপ্রথম প্রকাশ : | ||
| 260 |
_aঢাকা : _bতাম্রলিপি, _c2020 । |
||
| 300 |
_a১০৯ পৃষ্ঠা : _bচিত্র ; _c২১ সে.মি. । |
||
| 600 |
_aMujibur Rahman, Sheikh, _d(1920-1975) |
||
| 650 |
_aBangladesh. _xPolitics and government _y1975 |
||
| 942 |
_2ddc _cBK |
||